000 00886nam a22002417a 4500
999 _c717
_d717
003 AR-CdUCM
008 190225b ||||| |||| 00| 0 spa d
040 _aMUNICIPALIDAD PROVINCIAL DEL CUSCO
_cBIBLIOTECA MUNICIPAL DEL CUSCO
082 _a985.61 /
_bAG284
100 _aAguirre Villalobos, Jorge
_92761
110 _aConvento de Santo Domingo - Qorikancha
_92762
245 _aRecuerdos de antaño y otros relatos
_bCusco, primera mitad del siglo XX
260 _aCusco - Perú :
_bOREJONES Arte y Punto ;
_c2007.
300 _a223 páginas
_c20cm
505 _aCorpus cusqueño -- Carnaval cusqueño -- El baratillo y otras costumbres -- Almas en pena -- Cruz Velacuy
650 _acostumbres
_9230
650 _acultura cusqueña
_92763
650 _arelatos
_9195
650 _areligiosidad
_92764
650 _aCusco
_9772
942 _2ddc
_cLIBROS
945 _anom
_d2019-02-25